| 000 | 01165cam a2200313 a 4500 | ||
|---|---|---|---|
| 001 | 3878465 | ||
| 003 | OSt | ||
| 005 | 20230703161117.0 | ||
| 008 | 890621s1988 sa a b 000 0 eng | ||
| 010 | _a 89154150 | ||
| 020 | _a0869730525 | ||
| 040 |
_aDLC _cDLC _dDLC |
||
| 041 | 1 |
_aeng _hafr |
|
| 043 | _af-sa--- | ||
| 050 | 0 | 0 |
_aKQ9000.B34 _bA12 1988 |
| 082 | 0 | 0 |
_a346.05/2 _a342.652 _220 _bCOE |
| 100 | 1 | _aCoertze, R. D. | |
| 245 | 1 | 0 |
_aBafokeng family law and law of succession / _cR.D. Coertze ; [translated from the Afrikaans by Heather Frielinghaus]. |
| 250 | _a1st ed. | ||
| 260 |
_aPretoria, Republic of South Africa : _bSABRA, _c1988. |
||
| 300 |
_a277 p. : _bill. ; _c26 cm. |
||
| 500 | _aTranslation of the author's doctoral thesis originally presented at the University of Pretoria in 1968. | ||
| 504 | _aIncludes bibliographical references (p. 271-276) | ||
| 650 | 0 | _aDomestic relations (Bafokeng law) | |
| 650 | 0 | _aInheritance and succession (Bafokeng law) | |
| 906 |
_a7 _bcbc _corignew _d2 _encip _f19 _gy-gencatlg |
||
| 942 |
_2ddc _cBK |
||
| 999 |
_c3493 _d3493 |
||